Statistics for Domaći filmovi

Click here to take the quiz!

General Stats

  • This quiz has been taken 256 times
  • The average score is 10 of 30

Answer Stats

HintAnswer% Correct
Miloš Biković, Petar Strugar, Nina JankovićMontevideo, Bog te video
59%
Vojin Ćetković, Katarina Radivojević, Dragan Nikolić, Sloboda MićalovićZona Zamfirova
57%
Nikola Simić, Milan 'Lane' Gutović, Rahela Ferari, Ružica SokićTesna koža
56%
Nikola Kojo, Milena Pavlović, Branka Katić, Srđan 'Žika' TodorovićMi nismo anđeli
51%
Pavle Vuisić, Dragan Nikolić, Danilo 'Bata' Stojković, Aleksandar BerčekKo to tamo peva
46%
Boris Milivojević, Sergej Trifunović, Maja Mandžuka, Milica VujovićMunje!
45%
Dragan Nikolić, Bora Todorović, Tanja Bošković, Velimir 'Bata' ŽivojinovićBalkan ekspres
44%
Dragan Bjelogrlić, Anica Dobra, Srđan 'Žika' Todorović, Petar BožovićCrni bombarder
41%
Taško Načić, Nikola Simić, Srđan Šaper, Sonja SavićDavitelj protiv davitelja
41%
Bogdan Diklić, Danilo 'Bata' Stojković, Pavle Vuisić, Mija AleksićMaratonci trče počasni krug
41%
Slavko Štimac, Danilo 'Bata' Stojković, Mira Banjac, Mija AleksićVarljivo leto '68
41%
Sergej Trifunović, Marija Karan, Nebojša Glogovac, Boris MilivojevićKad porastem biću kengur
39%
Dragan Bjelogrlić, Nikola Kojo, Dragan Maksimović, Zoran CvijanovićLepa sela, lepo gore
39%
Bora Todorović, Branislav Lečić, Nataša Ninković, Dragan JovanovićProfesionalac
35%
Danilo 'Bata' Stojković, Bora Todorović, Mira Banjac, Sonja SavićBalkanski špijun
31%
Nebojša Glogovac, Nataša Ninković, Anica DobraKlopka
31%
Dragan Mićanović, Nataša Tapušković, Nikola Simić, Velimir 'Bata' ŽivojinovicLajanje na zvezde
31%
Žarko Laušević, Bojana Maljević, Aleksandar BerčekNož
29%
Dimitrije Vojnov, Lazar Ristovski, Predrag 'Miki' Manojlović, Anica DobraTito i ja
27%
Dragan Nikolić, Bogdan Diklić, Gorica Popović, Rade MarkovićNacionalna klasa
25%
Tijana Kondić, Nikola Đuričko, Anica DobraNataša
25%
Predrag 'Miki' Manojlović, Lazar Ristovski, Mirjana Joković, Slavko ŠtimacPodzemlje
25%
Dušan Pekić, Milan Marić, Dragan Bjelogrlić, Branka KatićRane
22%
Dragan Mićanović, Anica Dobra, Ljubiša Samardžić, Nikola KojoTočkovi
21%
Branislav Trifunović, Nikola Vujović, Miloš Timotijević, Marija KaranSedam i po
19%
Lazar Ristovski, Nikola Đuričko, Nebojša Glogovac, Bojana MaljevićDo koske
18%
Nebojša Bakočević, Predrag Bjelac, Dragan Bjelogrlić, Branimir BrstinaKako je propao rokenrol
18%
Branislav Lečić, Bogdan Diklić, Ljubiša Samardžić, Neda ArnerićTri karte za Holivud
18%
Aleksandar Berček, Vojislav 'Voja' Brajović, Bogdan Diklić, Nebojša GlogovacBure baruta
16%
Rade Marković, Bogdan Diklić, Dragan Nikolić, Olivera MarkovićSabirni centar
16%

Score Distribution

Percentile by Number Answered

Percent of People with Each Score

Your Score History

You have not taken this quiz